Reactive extrusion systems
Wedi'i Gadw mewn:
| Prif Awdur: | |
|---|---|
| Fformat: | Llyfr |
| Iaith: | Undetermined |
| Cyhoeddwyd: |
New York, NY.
Marcel Dekker
2004
|
| Pynciau: | |
| Tagiau: |
Ychwanegu Tag
Dim Tagiau, Byddwch y cyntaf i dagio'r cofnod hwn!
|
| Thư viện lưu trữ: | Trung tâm Học liệu Trường Đại học Cần Thơ |
|---|
| LEADER | 00565nam a2200205Ia 4500 | ||
|---|---|---|---|
| 001 | CTU_117754 | ||
| 008 | 210402s9999 xx 000 0 und d | ||
| 020 | |c 166.63 | ||
| 082 | |a 660.2832 | ||
| 082 | |b J35 | ||
| 100 | |a Janssen, Léon P. B. M. | ||
| 245 | 0 | |a Reactive extrusion systems | |
| 245 | 0 | |c Léon P.B.M. Janssen | |
| 260 | |a New York, NY. | ||
| 260 | |b Marcel Dekker | ||
| 260 | |c 2004 | ||
| 650 | |a Plastics,Chemical reactions,Extrusion process | ||
| 650 | |x Extrusion | ||
| 904 | |i Minh | ||
| 980 | |a Trung tâm Học liệu Trường Đại học Cần Thơ | ||